[Event "Moscow Open Women 2012"]
[Site "Moscow RUS"]
[Date "2012.01.29"]
[Round "2.31"]
[White "Aseeva,A"]
[Black "Zhai Mo"]
[Result "0-1"]
[WhiteElo "1981"]
[BlackElo "2191"]

1.d4 Nf6 2.Nf3 e6 3.c4 Bb4+ 4.Bd2 a5 5.g3 b6 6.Bg2 Bb7 7.O-O O-O 8.Bxb4 axb4
9.Qd3 c5 10.Nbd2 d5 11.e3 Nbd7 12.b3 Qc7 13.Rfc1 h6 14.Ne1 Rfd8 15.Nc2 dxc4
16.Nxc4 Bxg2 17.Kxg2 Qb7+ 18.Kg1 Ne4 19.Ne1 Ng5 20.Qf1 cxd4 21.exd4 Nf6 22.h4 Nge4
23.Qd3 Nc3 24.Rc2 Rd5 25.Ne3 Rda5 26.Qc4 Nxa2 27.Nd3 Qe4 28.Ne5 Nc3 29.Rf1 Ra1
30.Rd2 Rxf1+ 31.Nxf1 Ra1 32.f3 Qe1 33.Rf2 Nfd5 34.Qc8+ Kh7 35.Nxf7 Ne2+ 36.Kg2 Ne3+
37.Kh1 Nxg3+ 38.Kg1 Ne2+ 39.Kh1 Qxf2 40.Qh8+ Kg6 41.Ne5+ Kh5 42.Qe8+ Kxh4
43.Ng6+ Kg5 44.Qe7+ Kh5 45.Nf4+ Nxf4 46.Qf7+ Ng6  0-1

[Event "17th HIT Open A"]
[Site "Nova Gorica SLO"]
[Date "2012.01.29"]
[Round "5"]
[White "Solomon,K"]
[Black "Ceschia,I"]
[Result "0-1"]
[WhiteElo "2461"]
[BlackElo "2319"]

1.d4 Nf6 2.c4 e6 3.Nf3 Bb4+ 4.Bd2 Qe7 5.g3 b6 6.Bg2 Bb7 7.O-O a5 8.Bf4 Bd6
9.Bxd6 Qxd6 10.Nc3 Qe7 11.Qc2 d6 12.e4 e5 13.Rfe1 Nc6 14.Nd5 Qd8 15.dxe5 Nxe5
16.Nxe5 dxe5 17.Qa4+ c6 18.Rad1 O-O 19.Nxf6+ Qxf6 20.Rd7 b5 21.Qc2 Bc8 22.Rd2 Be6
23.Rd6 bxc4 24.Bf1 Qe7 25.Red1 Bd5 26.R6xd5 cxd5 27.Rxd5 Rfd8 28.Bxc4 Rac8
29.Qd2 Rxd5 30.Bxd5 Qc7 31.Kg2 g6 32.h4 Kg7 33.h5 h6 34.a4 Qc5 35.b3 Rd8
36.Qd3 Rd6 37.hxg6 Rxg6 38.Bc4 Rf6 39.Qe2 h5 40.Qd2 Rg6 41.Qd7 Rf6 42.Qd2 Kg6
43.f4 exf4 44.gxf4 Kg7 45.Qc3 Qc6 46.Kf3 Qd7 47.f5 Qd1+ 48.Kf2 Qg4 49.Qe5 Qh4+
50.Ke3 Qg5+ 51.Kf2 h4 52.Bf1 Qd2+ 53.Kf3 Qd1+ 54.Be2 Qxb3+ 55.Kg4 Qe3 56.Bf3 Qf2
57.Kg5 Qg3+ 58.Qxg3 hxg3 59.e5 Rb6 60.f6+ Kf8 61.Kf4 Rb4+ 62.Kxg3 Rxa4 63.Ba8 Rd4
64.Kf3 a4 65.Ke3 Rd8  0-1

[Event "Moscow Open 2012 A"]
[Site "Moscow RUS"]
[Date "2012.01.30"]
[Round "3.75"]
[White "Heydarli,K"]
[Black "Faizrakhmanov,Ramil"]
[Result "1/2-1/2"]
[WhiteElo "2376"]
[BlackElo "2190"]

1.d4 Nf6 2.Nf3 e6 3.c4 Bb4+ 4.Bd2 c5 5.Bxb4 cxb4 6.e3 O-O 7.Bd3 d6 8.O-O Qc7
9.Nbd2 a5 10.a3 Na6 11.Qe2 b6 12.Rac1 Bb7 13.Ng5 h6 14.Nge4 Nxe4 15.Bxe4 Bxe4
16.Nxe4 Rfc8 17.Rc2 d5 18.Nd2 e5 19.dxe5 Qxe5 20.Rfc1 bxa3 21.bxa3 dxc4 22.Nxc4 Qe6
23.h3 Nc5 24.Nd2 Rd8 25.Rb1 Rd6 26.Nf3 Rad8 27.Nd4 Qd7 28.Qc4 Ne6 29.Nf5 Rd1+
30.Rxd1 Qxd1+ 31.Kh2 Qd3 32.Nd4 Qxc4 33.Rxc4 Nxd4 34.exd4 Kf8 35.Kg3 b5 36.Rc5 Rxd4
37.Rxb5 Rd3+ 38.Kg4 Rxa3 39.f4 g6 40.f5 Kg7 41.fxg6 Kxg6 42.Kh4 f6 43.g4 a4
44.Ra5 Ra1 45.Ra8 a3 46.Ra5 Ra2 47.Ra7 Ra1 48.Ra6  1/2-1/2

[Event "Moscow Open 2012 A"]
[Site "Moscow RUS"]
[Date "2012.01.30"]
[Round "3.17"]
[White "Khismatullin,D"]
[Black "Venkatesh,M"]
[Result "0-1"]
[WhiteElo "2664"]
[BlackElo "2499"]

1.d4 Nf6 2.c4 e6 3.Nf3 Bb4+ 4.Bd2 a5 5.Nc3 b6 6.Bg5 Bb7 7.Nd2 d6 8.f3 h6
9.Bh4 Bxc3 10.bxc3 Nbd7 11.e4 Qe7 12.Bd3 g5 13.Bf2 Nh5 14.g3 f5 15.Qe2 f4
16.e5 O-O-O 17.g4 Ng7 18.exd6 Qxd6 19.c5 Nxc5 20.Bb5 Nd7 21.Nc4 Qd5 22.Bxd7+ Qxd7
23.Ne5 Qe8 24.O-O-O h5 25.h3 Kb8 26.Kb1 Qg8 27.Ka1 Ne8 28.gxh5 Nf6 29.c4 Rxh5
30.d5 exd5 31.c5 d4 32.Rxd4 g4 33.cxb6 cxb6 34.Qb5 Rxd4 35.Bxd4 Qe6 36.Rd1 gxh3
37.Nd7+ Qxd7 38.Qxb6 Nd5 39.Qa7+ Kc8 40.Qxa5 Qc6 41.Qa3 Nc7 42.Qf8+ Qe8 43.Qxf4 h2
44.Rh1 Bd5 45.Bb2 Qg8 46.Bd4 Qg2  0-1

[Event "Gibraltar Open"]
[Site "Caleta ENG"]
[Date "2012.02.01"]
[Round "9.45"]
[White "Aloma Vidal,R"]
[Black "Arvola,B"]
[Result "1-0"]
[WhiteElo "2431"]
[BlackElo "2261"]

1.d4 Nf6 2.c4 e6 3.Nf3 Bb4+ 4.Bd2 Qe7 5.a3 Bxd2+ 6.Qxd2 Ne4 7.Qc2 f5 8.g3 b6
9.Bg2 O-O 10.Nfd2 Qf6 11.Nxe4 fxe4 12.O-O d5 13.Nc3 Bb7 14.cxd5 exd5 15.Qb3 c6
16.Bxe4 Qxd4 17.Rad1 Qf6 18.Nxd5 Qe6 19.Ne7+ Kf7 20.Qxe6+ Kxe6 21.Nf5 Rxf5
22.Bxf5+ Kxf5 23.Rd6 g6 24.e4+ Ke5 25.Rfd1 Na6 26.Rd7 Nc5 27.Re7+ Kf6 28.Rxh7 Ba6
29.Rd6+ Ne6 30.f4 Rd8 31.g4 g5 32.Rh6+  1-0

[Event "Moscow Open 2012 A"]
[Site "Moscow RUS"]
[Date "2012.02.01"]
[Round "5.15"]
[White "Evdokimov,Alexa"]
[Black "Venkatesh,M"]
[Result "0-1"]
[WhiteElo "2569"]
[BlackElo "2499"]

1.d4 Nf6 2.c4 e6 3.Nf3 Bb4+ 4.Bd2 a5 5.g3 d6 6.Bg2 Nbd7 7.O-O e5 8.Bg5 exd4
9.Nxd4 h6 10.Bf4 O-O 11.Qc2 Ne5 12.Rd1 Qe7 13.Nc3 Ng6 14.Be3 Bc5 15.h3 c6
16.Rac1 Ra6 17.a3 Ne5 18.Na4 Ba7 19.b3 Rd8 20.Qc3 Re8 21.Nc2 b5 22.Nb2 bxc4
23.bxc4 d5 24.Bxa7 Qxa7 25.cxd5 Nxd5 26.Qd4 Qb8 27.Na4 Ra7 28.e4 Nc7 29.f4 Nb5
30.Qc5 Nd7 31.Qf2 Rc7 32.e5 c5 33.Rb1 Ba6 34.Qd2 Qa7 35.Qxa5 Nd4 36.Ne3 Be2
37.Qxa7 Rxa7 38.Nxc5 Bxd1 39.Nxd7 Bf3 40.Nb6 Rxa3 41.Nbc4 Ra2 42.Rb2 Rxb2
43.Nxb2 Rb8 44.Nbc4 Rb1+ 45.Kf2 Ra1 46.Bxf3 Ra2+ 47.Kf1 Nxf3 48.Ng4 h5 49.Nge3 Nh2+
50.Kg1 Nf3+ 51.Kf1 h4 52.g4 Kf8 53.Nd1 g5 54.fxg5 Nxg5 55.Nf2 Ke7 56.Ne3 Ke6
57.Nf5 Nf3 58.Nd3 Rd2 59.Ne1 Nxe1 60.Kxe1 Rh2 61.Nd4+ Kd5 62.Nf3 Rxh3 63.Kf2 Rxf3+
64.Kxf3 Kxe5 65.Ke3 Kf6 66.Kf4 Kg6 67.g5 Kh5  0-1

[Event "ch-TUR 2012"]
[Site "Kemer TUR"]
[Date "2012.02.02"]
[Round "7"]
[White "Buker,M"]
[Black "Emiroglu,C"]
[Result "1/2-1/2"]
[WhiteElo "2080"]
[BlackElo "2236"]

1.d4 Nf6 2.c4 e6 3.Nf3 Bb4+ 4.Bd2 Qe7 5.g3 Bxd2+ 6.Nbxd2 a5 7.Bg2 d6 8.O-O O-O
9.e4 e5 10.d5 Na6 11.Ne1 Nc5 12.Qc2 c6 13.Nd3 Nfd7 14.Nxc5 Nxc5 15.Nb3 Nxb3
16.Qxb3 a4 17.Qa3 Bg4 18.f3 Bd7 19.dxc6 Bxc6 20.Rad1 Rad8 21.Rf2 f5 22.Rfd2 Qf7
23.exf5 Qxf5 24.Rxd6 Rxd6 25.Qxd6 Bxf3 26.Bxf3 Qxf3 27.Qd5+ Qxd5 28.Rxd5 Rc8
29.b3 Re8 30.Kf2 axb3 31.axb3 Re7 32.Ke3 Kf7 33.Ke4 Kf6 34.c5 Re6 35.b4 Ra6
36.h4 Re6 37.g4 h6 38.g5+ hxg5 39.hxg5+ Kxg5 40.Rxe5+ Kf6 41.Rxe6+ Kxe6  1/2-1/2

[Event "Moscow Open 2012 A"]
[Site "Moscow RUS"]
[Date "2012.02.02"]
[Round "6.14"]
[White "Bogdanovich,S"]
[Black "Bocharov,D"]
[Result "1/2-1/2"]
[WhiteElo "2513"]
[BlackElo "2611"]

1.d4 Nf6 2.c4 e6 3.Nf3 Bb4+ 4.Bd2 Qe7 5.g3 Nc6 6.Bg2 Bxd2+ 7.Nbxd2 d6 8.e4 a5
9.O-O e5 10.d5 Nb8 11.Ne1 h5 12.h4 O-O 13.b3 c6 14.Nd3 Na6 15.Qb1 Bd7 16.Rc1 Rfc8
17.Qb2 cxd5 18.cxd5 Bb5 19.Rxc8+ Rxc8 20.Rc1 Rc7 21.Bf1 Bxd3 22.Rxc7 Qxc7
23.Bxd3 Nc5 24.Qc3 g6 25.Kg2 b5 26.Bxb5 Qb6 27.Qf3 Qxb5 28.Qxf6 Qe2 29.Nc4 Nd3
30.Nxd6 Ne1+ 31.Kg1 Nf3+ 32.Kg2 Ne1+ 33.Kg1 Nf3+ 34.Kg2 Ne1+  1/2-1/2

[Event "TCh-EGY 2011-12"]
[Site "Egypt EGY"]
[Date "2012.02.03"]
[Round "11.6.1"]
[White "Moiseenko,A1"]
[Black "Amin,B"]
[Result "1/2-1/2"]
[WhiteElo "2711"]
[BlackElo "2612"]

1.d4 Nf6 2.c4 e6 3.Nf3 Bb4+ 4.Bd2 Qe7 5.g3 Nc6 6.Nc3 O-O 7.Bg2 Bxc3 8.Bxc3 Ne4
9.Rc1 d6 10.d5 Nd8 11.O-O Nxc3 12.Rxc3 e5 13.c5 dxc5 14.Qc2 c6 15.Rxc5 Bf5
16.Qc3 cxd5 17.Nxe5 d4 18.Qa3 Rc8 19.Rfc1 Qxe5 20.Rxc8 Bxc8 21.Rxc8 Qxe2
22.Qd6 Qd1+ 23.Bf1 Ne6 24.Qd7 g6 25.Qxb7 d3 26.Rxf8+ Kxf8 27.Qb8+ Kg7 28.Qe5+ Kg8
29.Qb8+ Kg7  1/2-1/2

[Event "Moscow Open Women 2012"]
[Site "Moscow RUS"]
[Date "2012.02.03"]
[Round "7.8"]
[White "Nakhbayeva,G"]
[Black "Charochkina,D"]
[Result "0-1"]
[WhiteElo "2284"]
[BlackElo "2358"]

1.d4 Nf6 2.c4 e6 3.Nf3 Bb4+ 4.Bd2 Be7 5.Nc3 c5 6.e4 cxd4 7.Nxd4 Nc6 8.Be3 O-O
9.Be2 Bb4 10.Qc2 d5 11.exd5 exd5 12.O-O dxc4 13.Nxc6 bxc6 14.Bxc4 Ng4 15.Bf4 Qf6
16.Bg3 h5 17.Ne4 Qh6 18.Qc1 Qg6 19.Qf4 Be7 20.h4 Be6 21.Rac1 Rad8 22.Bxe6 Qxe6
23.Rfe1 Qxa2 24.Nc3 Qxb2 25.Rxe7 Qxc3 26.f3 Qa3 27.Rce1 Nf6 28.Qc7  0-1

[Event "Moscow Open Women 2012"]
[Site "Moscow RUS"]
[Date "2012.02.04"]
[Round "8.8"]
[White "Savina,A"]
[Black "Zhai Mo"]
[Result "1-0"]
[WhiteElo "2337"]
[BlackElo "2191"]

1.d4 Nf6 2.c4 e6 3.Nf3 Bb4+ 4.Bd2 a5 5.Nc3 b6 6.e3 Bb7 7.Bd3 O-O 8.Qc2 Bxf3
9.gxf3 d5 10.cxd5 exd5 11.a3 Be7 12.Ne2 c5 13.dxc5 bxc5 14.Bc3 Nbd7 15.Rg1 Kh8
16.O-O-O Qb8 17.Bc4 Nb6 18.Bxd5 Nbxd5 19.Rxd5 Qxh2 20.Rdg5 Rg8 21.Nf4 Ne8
22.R5g2 Qh6 23.Rg3 Bh4 24.Rh3 f6 25.Rg6 hxg6 26.Nxg6+ Kh7 27.Nf8+ Kh8 28.Ng6+ Kh7
29.Rxh4 Qxh4 30.Nxh4+ g6 31.Qe4 Ra7 32.Nxg6 f5 33.Qxf5 Rxg6 34.Qh5+  1-0

[Event "ch-TUR 2012"]
[Site "Kemer TUR"]
[Date "2012.02.05"]
[Round "10"]
[White "Tasan,M"]
[Black "Kinsiz,O"]
[Result "1/2-1/2"]
[WhiteElo "1989"]
[BlackElo "2213"]

1.d4 Nf6 2.Nf3 e6 3.c4 Bb4+ 4.Bd2 Qe7 5.a3 Bxd2+ 6.Nbxd2 d6 7.e4 e5 8.Qc2 exd4
9.Nxd4 O-O 10.Bd3 c5 11.Ne2 Nc6 12.O-O Re8 13.h3 Ne5 14.Nc3 b6 15.Rae1 Bb7
16.Nd5 Bxd5 17.exd5 Qf8 18.Re3  1/2-1/2

[Event "Moscow Open 2012 A"]
[Site "Moscow RUS"]
[Date "2012.02.05"]
[Round "9.13"]
[White "Bocharov,D"]
[Black "Venkatesh,M"]
[Result "1/2-1/2"]
[WhiteElo "2611"]
[BlackElo "2499"]

1.d4 Nf6 2.c4 e6 3.Nf3 Bb4+ 4.Bd2 a5 5.Nc3 b6 6.Bg5 Bb7 7.Nd2 h6 8.Bh4 d5
9.e3 Nbd7 10.cxd5 exd5 11.Bd3 O-O 12.O-O Re8 13.Rc1 c6 14.Qf3 Be7 15.Rc2 Nf8
16.Rfc1 Ne6 17.Qd1 c5 18.Nf3 Ne4 19.Bxe7 Qxe7 20.Bb5 Red8 21.Ne5 Rac8 22.h3 Rc7
23.Nxe4 dxe4 24.Bc4 Rcc8 25.Qg4 cxd4 26.exd4 Rxc4 27.Nxc4 Nxd4 28.Rd2 b5
29.Rcd1 h5 30.Qxh5 Rd5 31.Qg4 Rg5 32.Ne3 Rxg4 33.hxg4 Ne6 34.Rd7 Qb4 35.Rxb7 Qxb2
36.Rd5 Qxa2 37.Rb8+ Kh7 38.Rh5+ Kg6 39.Rbxb5 a4 40.Nd5 Qa3 41.Rb6 Qc1+ 42.Kh2 a3
43.Ra6 f6 44.Ra7 a2 45.Ne7+ Kf7 46.Nf5+ Kg8 47.Rxa2 Qf4+ 48.Ng3 Qxg4 49.Ra4 Ng5
50.f3 Qf4 51.fxe4 g6 52.Ra8+ Kg7 53.Rhh8 Nxe4 54.Rag8+ Kf7 55.Rf8+ Kg7 56.Rfg8+ Kf7  1/2-1/2

[Event "11th Aeroflot Open B"]
[Site "Moscow RUS"]
[Date "2012.02.09"]
[Round "3"]
[White "Goriatchkin,J"]
[Black "Cori T.,D"]
[Result "1/2-1/2"]
[WhiteElo "2311"]
[BlackElo "2415"]

1.d4 Nf6 2.c4 e6 3.Nf3 Bb4+ 4.Bd2 Qe7 5.Nc3 O-O 6.g3 d5 7.a3 Bxc3 8.Bxc3 Ne4
9.Bg2 c5 10.Nd2 Nc6 11.Nxe4 cxd4 12.Bxd4 dxe4 13.Bc3 f5 14.O-O e5 15.b4 Be6
16.c5 Rad8 17.Qc2 Nd4 18.Qb2 Rd7 19.f4 exf3 20.exf3 f4 21.g4 h5 22.h3 hxg4
23.hxg4 Qg5 24.Rf2 Rf6 25.Rd1 Nxf3+ 26.Bxf3 Rxd1+ 27.Bxd1 Bxg4 28.Bb3+ Be6+
29.Rg2 Qh4 30.Bxe6+ Rxe6 31.Qb3 Qh3 32.Qd5 f3 33.Qd8+ Kh7 34.Qd3+ Kg8 35.Qd8+ Kh7
36.Qd3+ Kg8 37.Qd8+ Kh7 38.Qd3+ Kg8 39.Qd8+  1/2-1/2

[Event "TCh-CAT 2012"]
[Site "Catalunya ESP"]
[Date "2012.02.11"]
[Round "3.2"]
[White "Rios,Cr"]
[Black "Djuric,S"]
[Result "0-1"]
[WhiteElo "2384"]
[BlackElo "2441"]

1.d4 Nf6 2.c4 e6 3.Nf3 Bb4+ 4.Bd2 Qe7 5.Nc3 b6 6.g3 Ba6 7.Qb3 c5 8.a3 Bxc3
9.Bxc3 O-O 10.dxc5 bxc5 11.Bg2 d5 12.Bxf6 Qxf6 13.cxd5 exd5 14.Qxd5 Nc6 15.Qg5 Rae8
16.O-O-O Qe6 17.Qd5 Bxe2 18.Rd2 Qh6 19.Ng5 Nd4 20.f4 Qb6 21.Kb1 Nb3 22.Rxe2 Rxe2
23.Qd3 Qg6 24.f5 Qxg5 25.Qxe2 Rd8 26.Re1 h5 27.Ka2 Nc1+ 28.Rxc1 Qxc1 29.f6 gxf6
30.Bc6 Kg7 31.h4 Rd2 32.Qb5 c4  0-1

[Event "TCh-LTU 2012"]
[Site "Lithuania LTU"]
[Date "2012.02.11"]
[Round "4.2"]
[White "Germanavicius,S"]
[Black "Juknis,P"]
[Result "1-0"]
[WhiteElo "2375"]
[BlackElo "2153"]

1.d4 e6 2.c4 Nf6 3.Nf3 Bb4+ 4.Bd2 Qe7 5.g3 Nc6 6.Bg2 Bxd2+ 7.Nbxd2 d6 8.O-O O-O
9.e4 e5 10.d5 Nb8 11.Ne1 a5 12.Nd3 Na6 13.a3 c6 14.b4 Bg4 15.Bf3 Bd7 16.Qb3 cxd5
17.cxd5 Bb5 18.Nc4 Bxc4 19.Qxc4 Rfc8 20.Qb5 axb4 21.axb4 Rc3 22.Rfc1 Rac8
23.Qb6 Rxc1+ 24.Nxc1 g6 25.Nd3 Rc3 26.b5 Rxd3 27.bxa6 bxa6 28.Kg2 Rd4 29.Rxa6 Nxe4
30.Ra7 Qf6 31.Qb8+ Kg7 32.Ra8 Kh6 33.h4 Nd2 34.Qf8+ Qg7 35.Qxd6 Nxf3 36.Kxf3 f5
37.Re8 f4 38.Qd8 e4+ 39.Rxe4  1-0

[Event "3rd Novy Bor Open"]
[Site "Novy Bor CZE"]
[Date "2012.02.14"]
[Round "4"]
[White "Bartos,J"]
[Black "Bores,R"]
[Result "1-0"]
[WhiteElo "2231"]
[BlackElo "2139"]

1.d4 Nf6 2.Nf3 e6 3.c4 Bb4+ 4.Bd2 Qe7 5.g3 Nc6 6.Nc3 O-O 7.Bg2 Bxc3 8.Bxc3 Ne4
9.Rc1 d6 10.d5 Nxc3 11.Rxc3 Nb8 12.dxe6 fxe6 13.Nd4 Kh8 14.O-O e5 15.Nc2 Nc6
16.b4 Bf5 17.Ne3 a6 18.b5 Nd8 19.Nxf5 Rxf5 20.Qd3 Rf6 21.Ra3 c6 22.bxa6 Rxa6
23.Rxa6 bxa6 24.Rb1 Qa7 25.Qe3 Qxe3 26.fxe3 Kg8 27.Rb6 Kf8 28.Rxa6 Rf7 29.Ra8 Ke7
30.a4 Kd7 31.Bh3+ Kc7 32.Rc8+  1-0

[Event "ch-Central Serbia 2012"]
[Site "Pozarevac SRB"]
[Date "2012.02.18"]
[Round "8.6"]
[White "Todorovic,Boj"]
[Black "Savic,Miod1"]
[Result "1/2-1/2"]
[WhiteElo "2289"]
[BlackElo "2535"]

1.d4 Nf6 2.Nf3 e6 3.c4 Bb4+ 4.Bd2 a5 5.g3 d5 6.Bg2 Nc6 7.a3 Be7 8.Nc3 dxc4
9.Qa4 O-O 10.Qxc4 Nd5 11.O-O Nxc3 12.Bxc3 Bd7 13.b4 Na7 14.bxa5 Bb5 15.Qa2 Bc6
16.Rfe1 Be4 17.Qc4 Nc6 18.Qb5 Qd5 19.Qxd5 exd5 20.Ne5 Nxa5 21.Bxe4 dxe4 22.Rab1 f6
23.Nd7 Rfd8 24.Nc5 Bxc5 25.dxc5 Rdb8 26.Red1 Nc4 27.Rb4 b5 28.cxb6 Nxb6 29.Rxe4 Rxa3
30.Rd3 c5 31.Bb2 Rxd3 32.exd3 Kf7 33.Ba3 Rc8 34.Re1 h5 35.h3 Rc7 36.Kg2 Nd7
37.Rc1 Ke6 38.Re1+ Kf7 39.Rc1 g5 40.g4 hxg4 41.hxg4 Ke6 42.Re1+ Kd5 43.Re7 Kd6
44.Re3 Kc6 45.Bb2 Kd5 46.Re7 Kd6 47.Re3 Rc6 48.Rf3 Ke6 49.Re3+ Kd5 50.Re7 Kd6
51.Re3 Rb6 52.Ba1 Rb1 53.Bc3 Rc1 54.Bb2 Rb1 55.Bc3 Rb3 56.Ba1 Rb4 57.Kg3 Rb1
58.Bc3 Rg1+ 59.Kf3 Rc1 60.Bb2 Rb1 61.Bc3 Rb3 62.Ba1 Kd5 63.Kg2 Rb4 64.Kg3 Ra4
65.Bb2 Ne5 66.Bxe5 fxe5 67.Kf3 Rb4 68.Re1 Rd4 69.Re3 Rf4+ 70.Kg3 Kd4 71.Re1 Kd5
72.Rc1 Rb4 73.Kf3 Kd4 74.Ke2 Rb2+ 75.Kf3 Rb4 76.Ke2 Kd5 77.Ke3 Rxg4 78.f3 Rg3
79.Rc4 Rg2 80.Ra4 Rg1 81.Rc4 Re1+ 82.Kd2 Rg1 83.Ke3 Kc6 84.Kf2 Rd1 85.Ke3 Re1+
86.Kf2 Rh1 87.Rg4 Rh5 88.Ke3 Kd5 89.Rg1 Kd6 90.Rg4 Ke6 91.Rc4 Kd6 92.Rg4 Kd5
93.Rg1 Ke6 94.Rc1 Rh3 95.Ke4 Rh4+ 96.Ke3 Rh2  1/2-1/2

[Event "ch-POL 2012"]
[Site "Warsaw POL"]
[Date "2012.02.18"]
[Round "1"]
[White "Sieciechowicz,M"]
[Black "Macieja,B"]
[Result "0-1"]
[WhiteElo "2459"]
[BlackElo "2617"]

1.d4 Nf6 2.c4 e6 3.Nf3 Bb4+ 4.Bd2 c5 5.Bxb4 cxb4 6.g3 O-O 7.Bg2 d6 8.O-O Nc6
9.a3 bxa3 10.Rxa3 e5 11.d5 Nb4 12.Nc3 Qc7 13.Nd2 a5 14.Qb1 Bd7 15.Rc1 b6
16.Na2 Bg4 17.e4 Nd7 18.h3 Bh5 19.Nc3 Nc5 20.Nb5 Qe7 21.Re3 Bg6 22.f4 f5
23.fxe5 Qxe5 24.Rce1 f4 25.Nf3 Qf6 26.gxf4 Qxf4 27.Nfd4 Rae8 28.Nc7 Rxe4
29.Rxe4 Bxe4 30.Bxe4 Nxe4 31.Qxe4 Qg3+ 32.Kh1 Qxh3+ 33.Kg1 Qg3+ 34.Kh1 Qh3+
35.Kg1 Qg3+ 36.Kh1 Nd3  0-1

[Event "Chebanenko Memorial KO"]
[Site "Chisinau MDA"]
[Date "2012.02.19"]
[Round "2.1"]
[White "Riazantsev,A"]
[Black "Naiditsch,A"]
[Result "1/2-1/2"]
[WhiteElo "2710"]
[BlackElo "2702"]

1.d4 Nf6 2.c4 e6 3.Nf3 Bb4+ 4.Bd2 Qe7 5.g3 Nc6 6.Nc3 O-O 7.Bg2 d6 8.O-O Bxc3
9.Bxc3 e5 10.d5 Nd8 11.Nd2 Ng4 12.e4 f5 13.exf5 Bxf5 14.Qe2 Nf7 15.f3 Nf6
16.Ne4 Rae8 17.Rae1 c5 18.dxc6 bxc6 19.Qd2 Nxe4 20.fxe4 Be6 21.b3 Qd7 22.Rf2 Bh3
23.Bxh3 Qxh3 24.Ref1 Qe6 25.Bb4 c5 26.Ba5 Nh6 27.Qd5 Rxf2 28.Rxf2 Qxd5 29.exd5 Rc8
30.b4 Ng4 31.Re2 cxb4 32.Bxb4 Rxc4 33.Bxd6 Rc1+ 34.Kg2 Rd1 35.Bc5 a6 36.h3 Rxd5
37.Be7 Kf7 38.Bg5 Nf6 39.Rc2 Ra5 40.Bd2 Ra4 41.g4 Nd5 42.Bc1 Ke6 43.a3 Rxa3
44.Rc6+ Kd7 45.Rc5 Nf4+ 46.Bxf4 exf4 47.Rf5 f3+ 48.Kf2 Ke6 49.Rc5 a5 50.Rc7 Kf6
51.Rc6+ Kf7 52.Rc7+ Kf6 53.Rc6+ Kg5 54.Rc5+ Kf4 55.Rc4+ Ke5 56.Rc7 h5 57.gxh5 Kf6
58.Rc6+ Kf7 59.h6 gxh6 60.Rxh6 a4 61.Ra6 Ke7  1/2-1/2

[Event "TCh-HUN 2011-12"]
[Site "Kecskemet HUN"]
[Date "2012.02.19"]
[Round "6"]
[White "Bubits,B"]
[Black "Vamos,V"]
[Result "1/2-1/2"]
[WhiteElo "2137"]
[BlackElo "2232"]

1.d4 Nf6 2.Nf3 e6 3.c4 Bb4+ 4.Bd2 Bxd2+ 5.Qxd2 Ne4 6.Qf4 f5 7.Nbd2 Nxd2 8.Nxd2 O-O
9.e3 d6 10.Be2 Nc6  1/2-1/2

[Event "TCh-HUN 2011-12"]
[Site "Kecskemet HUN"]
[Date "2012.02.19"]
[Round "6"]
[White "Gyimesi,Z"]
[Black "Nestorovic,N"]
[Result "1-0"]
[WhiteElo "2646"]
[BlackElo "2464"]

1.d4 Nf6 2.c4 e6 3.Nf3 Bb4+ 4.Bd2 a5 5.g3 d6 6.Bg2 Nbd7 7.O-O e5 8.Bc1 exd4
9.Nxd4 O-O 10.Qc2 Re8 11.Nc3 Nb6 12.b3 a4 13.Bb2 a3 14.Bc1 c6 15.Bf4 d5 16.Rad1 Qe7
17.Bg5 Ra5 18.cxd5 Rc5 19.Bxf6 Qxf6 20.Ne4 Qxd4 21.Nxc5 Qxc5 22.Qxc5 Bxc5
23.dxc6 bxc6 24.Rc1 Bf8 25.Rxc6 Nd7 26.Rfc1 Bb7 27.R6c2 Bxg2 28.Kxg2 g6 29.Rd1 Nc5
30.Rd5 Na6 31.Ra5 Nb4 32.Rd2 Nc6 33.Ra6 Re6 34.e3 Kg7 35.Ra4 Re5 36.Rd7 Ra5
37.Rxa5 Nxa5 38.Rc7 Bd6 39.Ra7 Bb4 40.Kf3 Nc6 41.Ra6 Na5 42.Ke4 Kf8 43.Kd5 Bc3
44.Rb6  1-0

[Event "TCh-HUN 2011-12"]
[Site "Komarom HUN"]
[Date "2012.02.19"]
[Round "6"]
[White "Flumbort,A"]
[Black "Szeberenyi,A"]
[Result "1/2-1/2"]
[WhiteElo "2539"]
[BlackElo "2309"]

1.d4 Nf6 2.c4 e6 3.Nf3 Bb4+ 4.Bd2 a5 5.g3 d5 6.a3 Bxd2+ 7.Nbxd2 b6 8.Bg2 O-O
9.O-O Bb7 10.cxd5 exd5 11.Ne5 Nbd7 12.Ndf3 Nxe5 13.Nxe5 Nd7 14.Nd3 c5 15.dxc5 Nxc5
16.Rc1 Nxd3 17.Qxd3 Ba6 18.Qd2 Bc4 19.Rfd1 Bb3 20.Re1 Rc8 21.Rxc8 Qxc8 22.Bxd5 Rd8
23.e4 Kf8 24.Qe3 Bxd5 25.exd5 Qc5 26.Qe4 f6 27.Rd1 g6 28.Qf4 Qd6 29.Qh6+ Kg8
30.h4 Qe5 31.Qc1 Qd6 32.Qc3 Re8 33.b4 axb4 34.axb4 Kf7 35.b5 f5 36.Qc6 Rd8
37.Ra1 Rd7 38.Rd1 h5 39.Qc2 Qc5 40.Qb3 Rd6 41.Kg2 Qc7 42.Qe3 Qd7 43.Qe5 Qd8
44.Rc1 Rxd5 45.Rc7+ Rd7 46.Rc6 Qe7 47.Qh8 Qe4+ 48.Kh2 Qd4 49.Qh7+ Qg7 50.Qxg7+ Kxg7
51.Rxb6 Rd2 52.Kg2 Rb2 53.Rb8 Rb3 54.b6 Rb2 55.Kf3 Kf6 56.Ke3 Kg7 57.b7 Kh7
58.Kd4 Kg7 59.f3 Rb1 60.Kd5 Rd1+ 61.Kc6 Rc1+ 62.Kd6 Rd1+ 63.Ke5 Rb1 64.Ke6 Re1+
65.Kd7 Rd1+ 66.Kc7 Rc1+ 67.Kb6 Rb1+ 68.Kc5 Rc1+ 69.Kd4 Rb1 70.Kc3 Kh7 71.Kd3 Kg7
72.Kd4 Rb2 73.Ke5 Rb1 74.Kf4 Rb4+  1/2-1/2

[Event "ch-POL 2012"]
[Site "Warsaw POL"]
[Date "2012.02.19"]
[Round "2"]
[White "Moranda,W"]
[Black "Bartel,Mat"]
[Result "0-1"]
[WhiteElo "2568"]
[BlackElo "2658"]

1.d4 Nf6 2.c4 e6 3.Nf3 Bb4+ 4.Bd2 a5 5.g3 d6 6.Bg2 Nbd7 7.O-O e5 8.Nc3 O-O
9.Qc2 Re8 10.e4 exd4 11.Nxd4 Ne5 12.b3 Bc5 13.Nf5 h6 14.Rad1 Bd7 15.Bc1 Qc8
16.Bb2 a4 17.Kh1 axb3 18.axb3 Bxf5 19.exf5 Nc6 20.Nd5 Nxd5 21.Bxd5 Ra2 22.Qc3 Re5
23.Bxc6 bxc6 24.b4 Qb7 25.Qb3 Rxb2 26.Qxb2 Bxb4 27.Qc2 c5+ 28.f3 Qc8 29.Rd5 Re3
30.Rdd1 Qe8 31.Qg2 Qe5 32.g4 Qf4 33.Ra1 Kh7 34.Qg3 Qxc4 35.g5 Re8 36.g6+ Kg8
37.f6 fxg6 38.Qxg6 Qf7 39.Rg1 Qxg6 40.Rxg6 Kf7 41.Rxg7+ Kxf6 42.Rxc7 d5 43.Ra6+ Ke5
44.Rxh6 Kf4 45.Kg2 Ke3 46.f4 Kxf4 47.Kf2 Ke4 48.Rh3 d4 49.Ke2 Ra8 50.Rd7 Ra2+
51.Kd1 Rd2+ 52.Kc1 Rf2 53.Kd1 Ra2 54.Rd8 Rg2 55.Rd7 Ba5 56.Rd6 Rd2+ 57.Kc1 Ra2
58.Kd1 Bc7 59.Rc6 Bf4 60.Rxc5 Ra1+ 61.Ke2 d3+ 62.Rxd3 Ra2+ 63.Kf1 Kxd3 64.h4 Ke4
65.Ke1 Be3 66.Rc8 Kf3 67.Rf8+ Bf4 68.Kd1 Rd2+ 69.Ke1 Rd5 70.Rf7 Re5+ 71.Kf1 Rc5
72.Re7 Rc1+ 73.Re1 Rc2 74.Re8 Rh2 75.Kg1 Rxh4 76.Rf8 Rh7  0-1

[Event "ch-POL 2012"]
[Site "Warsaw POL"]
[Date "2012.02.23"]
[Round "6"]
[White "Moranda,W"]
[Black "Gajewski,G"]
[Result "1-0"]
[WhiteElo "2568"]
[BlackElo "2616"]

1.d4 Nf6 2.c4 e6 3.Nf3 Bb4+ 4.Bd2 a5 5.g3 d5 6.Qc2 O-O 7.Bg2 Nbd7 8.O-O Be7
9.b3 b6 10.cxd5 exd5 11.Bf4 c5 12.Nc3 Bb7 13.Rad1 Rc8 14.dxc5 bxc5 15.Ne5 Nb6
16.Nc4 a4 17.Nxb6 Qxb6 18.Nxd5 Nxd5 19.Bxd5 Bxd5 20.Rxd5 axb3 21.axb3 Qc6
22.Qc4 Rfd8 23.e4 Rd7 24.Rxd7 Qxd7 25.Rc1 Rd8 26.Be3 Qb7 27.Kg2 h5 28.h4 g6
29.Rc2 Re8 30.Qd5 Rb8 31.Rc3 Qb4 32.Rd3 Bf8 33.Bd2 Qb5 34.Rf3 Qb7 35.Bf4 Qxd5
36.exd5 Rd8 37.Rd3 Bd6 38.Kf3 Kf8 39.Bxd6+ Rxd6 40.Ke4 Ke7 41.Rc3 Rb6 42.Rxc5 Rxb3
43.Rc7+ Kf6 44.Rc6+ Ke7 45.Ke5 Rf3 46.Rc7+ Kd8 47.Rc2 Kd7 48.Ra2 Ke7 49.Ra7+ Kd8
50.Kd6 Rf6+ 51.Kc5 Rxf2 52.Kc6 Rc2+ 53.Kd6 Kc8 54.Rxf7 Rc3 55.Rf6 g5 56.Ke7 gxh4
57.gxh4 Rc7+ 58.Ke6 Rc4 59.d6 Kb7 60.Rf8 Re4+ 61.Kd5  1-0

[Event "16th Metropolitan IM"]
[Site "Los Angeles USA"]
[Date "2012.02.25"]
[Round "6"]
[White "Troff,Kayden W"]
[Black "Amanov,Z"]
[Result "1-0"]
[WhiteElo "2257"]
[BlackElo "2402"]

1.d4 Nf6 2.c4 e6 3.Nf3 Bb4+ 4.Bd2 c5 5.e3 b6 6.Be2 Bb7 7.Bxb4 cxb4 8.a3 Nc6
9.axb4 Nxb4 10.O-O O-O 11.Ne5 d6 12.Nd3 Nxd3 13.Qxd3 a5 14.Nd2 e5 15.d5 b5
16.cxb5 Nxd5 17.Nc4 Qg5 18.h4 Qxh4 19.Nxd6 Nb4 20.Qc4 Qe7 21.Nxb7 Rac8 22.Qb3 Qxb7
23.Rxa5 Nc6 24.Ra4 Ne7 25.b6 Rb8 26.Rb4 e4 27.Bc4 Qd7 28.Rd1 Qf5 29.b7 h5
30.Bd5 Nxd5 31.Qxd5 Qxd5 32.Rxd5 g6 33.Rd7 Rfe8 34.Rc4 Kg7 35.Rcc7 Rf8 36.Re7 Kf6
37.Rxe4 g5 38.Kh2 Kg6 39.Rec4 Kf6 40.Rc8  1-0

[Event "16th Metropolitan IM"]
[Site "Los Angeles USA"]
[Date "2012.02.26"]
[Round "8"]
[White "Amanov,Z"]
[Black "Kavutskiy,K"]
[Result "1/2-1/2"]
[WhiteElo "2402"]
[BlackElo "2315"]

1.d4 Nf6 2.c4 e6 3.Nf3 Bb4+ 4.Bd2 a5 5.g3 b6 6.Bg2 Bb7 7.O-O O-O 8.Bg5 Be7
9.Nc3 Ne4 10.Bxe7 Qxe7 11.Qc2 Nxc3 12.Qxc3 d6 13.Rfe1 f5 14.Nh4 Bxg2 15.Nxg2 Nd7
16.e4 Qf7 17.f4 Nf6 18.exf5 exf5 19.d5 Rae8 20.Nh4 Ne4 21.Qd3  1/2-1/2

[Event "32nd TCh-IND 2012"]
[Site "Panaji IND"]
[Date "2012.03.01"]
[Round "6"]
[White "Thejkumar,M"]
[Black "Kunte,A"]
[Result "1-0"]
[WhiteElo "2455"]
[BlackElo "2548"]

1.d4 Nf6 2.Nf3 e6 3.c4 Bb4+ 4.Bd2 c5 5.Bxb4 cxb4 6.g4 d5 7.e3 Nc6 8.g5 Ne4
9.Rg1 O-O 10.Nbd2 f5 11.Bd3 Qd6 12.Qb3 Kh8 13.a3 bxa3 14.Qxa3 Qxa3 15.Rxa3 Bd7
16.cxd5 exd5 17.Ne5 Nxe5 18.dxe5 Nxd2 19.Kxd2 f4 20.Rb3 Bc6 21.Rb4 fxe3+
22.Kxe3 d4+ 23.Rxd4 Rf3+ 24.Ke2 Raf8 25.Rf1 g6 26.b4 a6 27.Rd6 Rh3 28.f4 Rxh2+
29.Ke3 Rh3+ 30.Kd2 Rh2+ 31.Kc3 Rc8 32.Kd4 Rb2 33.e6 Rxb4+ 34.Ke5 Kg7 35.f5 gxf5
36.Rxf5 Be8 37.Rd7+ Kg8 38.Rf6 Rc5+ 39.Kd6 Rc6+ 40.Kd5 Bg6 41.Bxg6 Rb5+ 42.Kd4 Rb4+
43.Ke5  1-0